Culture Générale - Série 1752 - Statistiques

Statistiques générales
  • Ce quiz a été pris 125 fois
  • Le résultat moyen est 6 sur 10
Statistiques - réponses
Question Réponse % Correct
Dans quel musée peut-on voir La Joconde ? Louvre
99%
Dans quelle ville italienne trouve-t-on l'opéra de la Scala ? Milan
97%
De quel instrument de musique le peintre Jean-Auguste-Dominique Ingres jouait-il en amateur ? violon
85%
Dans quelle pièce entend-on : « C'est un roc !... C'est un pic !... C'est un cap !... » ? Cyrano de Bergerac
83%
De quel super-héros Alfred Pennyworth est-il le majordome ? Batman
67%
Dans quelle œuvre enfantine classique le personnage principal vient-il de l'astéroïde B 612 ? Le Petit Prince
58%
Dans les Mille et une nuits, qui raconte ses histoires au sultan dans le but de reporter son exécution au lendemain ? Shéhérazade
50%
De quel château Hergé s'est-il inspiré pour dessiner Moulinsart ? Cheverny
33%
Quel architecte français a conçu les bâtiments du Louvre Abou Dabi ? Jean Nouvel
33%
• Dans le roman Sans famille, comment s'appelle le vieil homme à qui le jeune orphelin Rémi est vendu ? Vitalis
19%
Aucun quiz correspondant
Distribution des résultats
% des personnes avec chaque résultat
Percentile par nombre de réponses
Votre historique - résultats
Vous n’avez pas pris ce quiz